000 00259nam a2200109Ia 4500
008 190802s9999 xx 000 0 und d
100 _aMuhammad Muh-ud-din
245 0 _aAayni
260 _aKarachi
_bDhepali Publications
_c2005
300 _a140:p
942 _cBK
999 _c2482
_d2482